00636nam a2200169Ia 4500003000900000008004100009020001800050040001600068080002400084110003700108245016700145260005300312300001600365650004100381650002200422650002200444IN-BaIIA211028s9999 xx 000 0 eng d a3-7650-0088-4 cIIA Library a083.8:523.8bAPP-88 aInternational Astronomical Union 0aApparent places of fundamental stars 1988bfor 1535 stars from the fifth fundamental catalogue (FK5)cInternational Astronomical Union  aHeidelbergbAstronomisches Rechen-Institutc1987 axliv, 510p. aAstronomy and astrophysics thesaurus aCatalogue - Stars aStars - catalogue